000
00404nam a2200133Ia 4500
008
100328s9999 xx 000 0 und d
082
_b
11062
100
_a
जोशी श्रीपाद
245
_a
भारत भ्रमण-भाग 2
260
_b
चेतक
630
_a
भारत भ्रमण-भाग 2
730
_a
भारत भ्रमण-भाग 2
942
_c
BOOK
999
_c
506399
_d
506396